[Event "BL2-Nord 1920"]
[Site "Germany"]
[Date "2021.08.08"]
[Round "10.6"]
[White "Fruebing, Stefan"]
[Black "Sievers, Stefan"]
[Result "0-1"]
[WhiteElo "2416"]
[BlackElo "2343"]
[PlyCount "66"]
[EventDate "2019.10.19"]
[EventType "team-tourn"]
[EventRounds "9"]
[EventCountry "GER"]
[SourceTitle "EXT 2023"]
[Source "ChessBase"]
[SourceDate "2022.10.05"]
[SourceVersion "1"]
[SourceVersionDate "2022.10.05"]
[SourceQuality "1"]
[WhiteTeam "Koenig Tegel"]
[BlackTeam "Hamburger SK II"]
[WhiteTeamCountry "GER"]
[BlackTeamCountry "GER"]

1. e4 c5 2. Nf3 d6 3. d4 cxd4 4. Nxd4 Nf6 5. Nc3 g6 6. Be3 Nc6 7. f3 Bd7 8. Qd2 Rc8 9. 0-0-0 Bg7 10. Kb1 0-0 11. g4 Ne5 12. Be2 Nc4 13. Bxc4 Rxc4 14. g5 Nh5 15. Nce2 Qc7 16. c3 b5 17. Ng3 Nxg3 18. hxg3 Rb8 19. Rc1 Qb7 20. Nb3 Qc7 21. Rh2 a5 22. Rch1 h5 23. gxh6 Be5 24. Bd4 Kh7 25. Bxe5 dxe5 26. Nxa5 Ra4 27. b4 Be6 28. Qd3 Ra3 29. Rc1 Rd8 30. Qxb5 Rb8 31. Qc6 Qxa5 32. Rcc2 Qa7 33. Rhf2 Ra6 0-1

[Event "BL2-Nord 1920"]
[Site "Germany"]
[Date "2020.02.08"]
[Round "7.8"]
[White "Sievers, Stefan"]
[Black "Bachmann, Volker"]
[Result "1/2-1/2"]
[WhiteElo "2353"]
[BlackElo "2118"]
[PlyCount "55"]
[EventDate "2019.10.19"]
[EventType "team-tourn"]
[EventRounds "9"]
[EventCountry "GER"]
[SourceTitle "CBM 194 Extra"]
[Source "ChessBase"]
[SourceDate "2020.03.31"]
[SourceVersion "1"]
[SourceVersionDate "2020.03.31"]
[SourceQuality "1"]
[WhiteTeam "Hamburger SK II"]
[BlackTeam "Potsdam Empor"]
[WhiteTeamCountry "GER"]
[BlackTeamCountry "GER"]

1. g3 f5 2. b3 e5 3. c4 Nf6 4. Bg2 g6 5. Bb2 d6 6. d4 exd4 7. Qxd4 Bg7 8. Qe3+ Kf7 9. Nh3 Re8 10. Qd2 Ne4 11. Qc2 Nc6 12. Bxg7 Kxg7 13. Qb2+ Qf6 14. Qxf6+ Kxf6 15. Nf4 Nb4 16. Nd5+ Nxd5 17. cxd5 c6 18. dxc6 bxc6 19. Bxe4 fxe4 20. Nc3 Ba6 21. Kd2 Ke5 22. f4+ exf3 23. exf3 Kd4 24. Rhe1 d5 25. Rad1 Rxe1 26. Rxe1 Rf8 27. Re3 Kc5 28. Re7 1/2-1/2

[Event "BL2-Nord 1819"]
[Site "Germany"]
[Date "2019.03.23"]
[Round "9.8"]
[White "Sievers, Stefan"]
[Black "Steinhagen, Bernd"]
[Result "0-1"]
[WhiteElo "2361"]
[BlackElo "2254"]
[PlyCount "68"]
[EventDate "2018.11.10"]
[EventType "team-tourn"]
[EventRounds "10"]
[EventCountry "GER"]
[SourceTitle "CBM 190 Extra"]
[Source "ChessBase"]
[SourceDate "2019.07.15"]
[SourceVersion "1"]
[SourceVersionDate "2019.07.15"]
[SourceQuality "1"]
[WhiteTeam "Hamburger SK II"]
[BlackTeam "Berlin Rotation"]
[WhiteTeamCountry "GER"]
[BlackTeamCountry "GER"]

1. c4 e6 2. Nf3 d5 3. b3 Nf6 4. Bb2 Be7 5. g3 0-0 6. Bg2 b6 7. 0-0 Bb7 8. e3 Nbd7 9. Nc3 c5 10. Qe2 Rc8 11. Rfd1 Qc7 12. Rac1 dxc4 13. bxc4 Rfd8 14. d3 h6 15. Ne1 Bxg2 16. Kxg2 Ne5 17. f4 Nc6 18. Nf3 Qb7 19. Kg1 Rc7 20. Rf1 Rcd7 21. Rcd1 a6 22. a4 Ne8 23. g4 Nd6 24. Ba1 Qc7 25. Qg2 Ne8 26. Ne1 Nb4 27. g5 Qc6 28. Ne4 Kh7 29. h4 f5 30. gxh6 fxe4 31. Kh2 Bf6 32. Rg1 Bxa1 33. Rxa1 e5 34. dxe4 Rd2 0-1

[Event "BL2-Nord 1819"]
[Site "Germany"]
[Date "2019.02.23"]
[Round "7.7"]
[White "Sievers, Stefan"]
[Black "Gutman, Lev"]
[Result "1/2-1/2"]
[WhiteElo "2359"]
[BlackElo "2406"]
[PlyCount "85"]
[EventDate "2018.11.10"]
[EventType "team-tourn"]
[EventRounds "10"]
[EventCountry "GER"]
[SourceTitle "CBM 190 Extra"]
[Source "ChessBase"]
[SourceDate "2019.07.15"]
[SourceVersion "1"]
[SourceVersionDate "2019.07.15"]
[SourceQuality "1"]
[WhiteTeam "Hamburger SK II"]
[BlackTeam "Lingen"]
[WhiteTeamCountry "GER"]
[BlackTeamCountry "GER"]

1. c4 Nf6 2. g3 g6 3. Bg2 Bg7 4. Nc3 0-0 5. e4 Nc6 6. Nge2 a6 7. 0-0 Rb8 8. Rb1 b5 9. cxb5 axb5 10. b4 e5 11. d3 d6 12. h3 Be6 13. f4 Nd4 14. Be3 c5 15. a3 Qc8 16. g4 exf4 17. Bxf4 Nxe2+ 18. Nxe2 Rb6 19. Qd2 Nd7 20. Bh6 Ne5 21. Bxg7 Kxg7 22. d4 cxd4 23. Nxd4 Rb8 24. Nf5+ Bxf5 25. exf5 f6 26. Qxd6 Nc4 27. Qd4 Rd8 28. Qe4 Qc7 29. fxg6 hxg6 30. Rbe1 Rd7 31. Rf2 Qb6 32. Qe6 Qxe6 33. Rxe6 Rf8 34. Ra6 Rd3 35. a4 bxa4 36. Rxa4 Ne3 37. b5 Nxg2 38. Kxg2 Rb3 39. Ra5 Kh6 40. h4 f5 41. Ra7 Rxb5 42. Rf3 Rb4 43. gxf5 1/2-1/2

[Event "BL2-Nord 1516"]
[Site "Germany"]
[Date "2015.09.19"]
[Round "3.6"]
[White "Sievers, Stefan"]
[Black "Bruchmann, Stephan"]
[Result "1/2-1/2"]
[WhiteElo "2379"]
[BlackElo "2304"]
[PlyCount "37"]
[EventDate "2015.09.19"]
[EventType "team-tourn"]
[EventRounds "9"]
[EventCountry "GER"]
[SourceTitle "EXT 2017"]
[Source "ChessBase"]
[SourceDate "2016.10.25"]
[SourceVersion "1"]
[SourceVersionDate "2016.10.25"]
[SourceQuality "1"]
[WhiteTeam "Hamburger SK II"]
[BlackTeam "Pankow Rotation"]
[WhiteTeamCountry "GER"]
[BlackTeamCountry "GER"]

1. c4 c6 2. e4 d5 3. cxd5 cxd5 4. exd5 Nf6 5. Nc3 g6 6. Bc4 Bg7 7. Nf3 0-0 8. 0-0 Na6 9. Qb3 Nc7 10. d4 a6 11. a4 b5 12. axb5 axb5 13. Rxa8 bxc4 14. Qa3 Nxa8 15. Qxa8 e6 16. dxe6 Bxe6 17. Qxd8 Rxd8 18. h3 Nd5 19. Rd1 1/2-1/2

[Event "BL2-Nord 1415"]
[Site "Germany"]
[Date "2015.02.01"]
[Round "6.3"]
[White "Luch, Michal"]
[Black "Sievers, Stefan"]
[Result "1/2-1/2"]
[WhiteElo "2423"]
[BlackElo "2386"]
[PlyCount "34"]
[EventDate "2014.09.21"]
[EventType "team-tourn"]
[EventRounds "9"]
[EventCountry "GER"]
[SourceTitle "CBM 166 Extra"]
[Source "ChessBase"]
[SourceDate "2015.06.18"]
[SourceVersion "1"]
[SourceVersionDate "2015.06.18"]
[SourceQuality "1"]
[WhiteTeam "Berlin Zehlendorf"]
[BlackTeam "Hamburger SK II"]
[WhiteTeamCountry "GER"]
[BlackTeamCountry "GER"]

1. d4 Nf6 2. c4 c5 3. d5 b5 4. cxb5 a6 5. bxa6 g6 6. Nc3 Bxa6 7. Nf3 d6 8. g3 Bg7 9. Bg2 Nfd7 10. Qc2 Nb6 11. h4 h6 12. Nh2 N8d7 13. h5 g5 14. Ng4 Nc4 15. f4 gxf4 16. gxf4 Qa5 17. Rh3 Rb8 1/2-1/2

[Event "BL2-Nord 1213"]
[Site "Germany"]
[Date "2012.10.14"]
[Round "1.2"]
[White "Sievers, Stefan"]
[Black "Bluebaum, Matthias"]
[Result "1/2-1/2"]
[WhiteElo "2393"]
[BlackElo "2433"]
[PlyCount "101"]
[EventDate "2012.10.14"]
[EventType "team-tourn"]
[EventRounds "9"]
[EventCountry "GER"]
[SourceTitle "CBM 154 Extra"]
[Source "ChessBase"]
[SourceDate "2013.06.25"]
[SourceVersion "2"]
[SourceVersionDate "2013.06.25"]
[SourceQuality "1"]
[WhiteTeam "Hamburger SK II"]
[BlackTeam "Werder Bremen II"]
[WhiteTeamCountry "GER"]
[BlackTeamCountry "GER"]

1. c4 c6 2. e4 d5 3. exd5 cxd5 4. d4 Nf6 5. Nc3 Nc6 6. Nf3 Bg4 7. cxd5 Nxd5 8. Qb3 Bxf3 9. gxf3 e6 10. Qxb7 Nxd4 11. Bb5+ Nxb5 12. Qc6+ Ke7 13. Qxb5 Qd7 14. Nxd5+ Qxd5 15. Bg5+ f6 16. Qxd5 exd5 17. Be3 Ke6 18. 0-0-0 Bb4 19. a3 Rac8+ 20. Kb1 Bc5 21. Rhe1 Bxe3 22. Rxe3+ Kd6 23. Rde1 Rhd8 24. Re6+ Kc7 25. Re7+ Kb6 26. Rxg7 Rd6 27. Rxh7 d4 28. Rh5 d3 29. f4 Rc2 30. Rd1 Rxf2 31. Rh3 Rxf4 32. Rhxd3 Rxd3 33. Rxd3 Rf2 34. h4 Rh2 35. Rd6+ Kc7 36. Rd4 f5 37. b4 Rg2 38. Kc1 Ra2 39. Rf4 Rh2 40. Rd4 Ra2 41. Kd1 Rxa3 42. Ke2 a5 43. bxa5 Rxa5 44. Kf3 Ra1 45. Kf4 Rf1+ 46. Kg3 Rg1+ 47. Kf2 Rg6 48. Kf3 Rg4 49. Rxg4 fxg4+ 50. Kxg4 Kd7 51. Kg5 1/2-1/2

[Event "BL2-Nord 1112"]
[Site "Germany"]
[Date "2011.12.11"]
[Round "4.2"]
[White "Sievers, Stefan"]
[Black "Fish, Gennadij"]
[Result "1/2-1/2"]
[WhiteElo "2389"]
[BlackElo "2492"]
[PlyCount "21"]
[EventDate "2011.10.02"]
[EventType "team-tourn"]
[EventRounds "9"]
[EventCountry "GER"]
[SourceTitle "EXT 2015"]
[Source "ChessBase"]
[SourceDate "2014.11.20"]
[SourceVersion "1"]
[SourceVersionDate "2014.11.20"]
[SourceQuality "1"]
[WhiteTeam "Hamburger SK II"]
[BlackTeam "Werder Bremen II"]
[WhiteTeamCountry "GER"]
[BlackTeamCountry "GER"]

1. c4 c5 2. g3 Nc6 3. Bg2 g6 4. Nc3 Bg7 5. Nf3 e6 6. e3 Nge7 7. 0-0 0-0 8. d4 cxd4 9. Nxd4 d5 10. cxd5 exd5 11. Qb3 1/2-1/2

[Event "BL2-Nord 1112"]
[Site "Germany"]
[Date "2011.10.02"]
[Round "1.1"]
[White "Sievers, Stefan"]
[Black "Tomczak, Jacek"]
[Result "0-1"]
[WhiteElo "2389"]
[BlackElo "2547"]
[PlyCount "90"]
[EventDate "2011.10.02"]
[EventType "team-tourn"]
[EventRounds "9"]
[EventCountry "GER"]
[SourceTitle "EXT 2015"]
[Source "ChessBase"]
[SourceDate "2014.11.20"]
[SourceVersion "1"]
[SourceVersionDate "2014.11.20"]
[SourceQuality "1"]
[WhiteTeam "Hamburger SK II"]
[BlackTeam "Rostock"]
[WhiteTeamCountry "GER"]
[BlackTeamCountry "GER"]

1. Nf3 Nf6 2. c4 g6 3. Nc3 d5 4. cxd5 Nxd5 5. e4 Nxc3 6. dxc3 Qxd1+ 7. Kxd1 Nd7 8. Bf4 Nc5 9. Nd2 Bd7 10. Bxc7 Bh6 11. Kc2 0-0 12. f3 Rac8 13. Be5 Ba4+ 14. b3 Bxd2 15. Kxd2 Bxb3 16. axb3 Nxb3+ 17. Kc2 Nxa1+ 18. Kb2 Rfd8 19. Kxa1 f6 20. Bg3 Rxc3 21. Kb2 Rdc8 22. Be1 Rc2+ 23. Kb3 Kg7 24. Rg1 Rc1 25. Bd3 a5 26. Rf1 a4+ 27. Kb2 a3+ 28. Kxa3 Ra1+ 29. Kb2 Rcc1 30. Bc2 Rxe1 31. Rf2 Ra6 32. Rd2 Rd6 33. Rf2 e5 34. h3 h5 35. Kc3 h4 36. Kb2 Kh6 37. f4 exf4 38. Rxf4 Re2 39. Rxh4+ Kg7 40. e5 Rc6 41. exf6+ Kxf6 42. Rf4+ Ke5 43. Rf8 Rexc2+ 44. Kb3 Rxg2 45. Rf7 b6 0-1

[Event "BL2-Nord 1011"]
[Site "Germany"]
[Date "2011.01.16"]
[Round "5.2"]
[White "Degtiarev, Evgeny"]
[Black "Sievers, Stefan"]
[Result "0-1"]
[WhiteElo "2368"]
[BlackElo "2380"]
[PlyCount "70"]
[EventDate "2010.10.10"]
[EventType "team-tourn"]
[EventRounds "9"]
[EventCountry "GER"]
[SourceTitle "EXT 2012"]
[Source "ChessBase"]
[SourceDate "2011.11.24"]
[SourceVersion "1"]
[SourceVersionDate "2011.11.24"]
[SourceQuality "1"]
[WhiteTeam "Berlin 1903 II"]
[BlackTeam "Hamburger SK II"]
[WhiteTeamCountry "GER"]
[BlackTeamCountry "GER"]

1. d4 Nf6 2. c4 e6 3. Nc3 Bb4 4. e3 c5 5. Nge2 b6 6. a3 Ba5 7. Rb1 Na6 8. Ng3 Bb7 9. Bd3 Bxg2 10. Rg1 Bb7 11. Kf1 Bxc3 12. bxc3 h5 13. f3 Qc7 14. h4 Nb8 15. e4 d6 16. Ne2 g6 17. Qa4+ Nbd7 18. Bg5 Nh7 19. f4 Nxg5 20. Rxg5 Bc6 21. Qc2 e5 22. d5 Bb7 23. Qa4 exf4 24. Nxf4 Ke7 25. e5 Nxe5 26. Re1 Qd7 27. Qc2 Rae8 28. Bxg6 fxg6 29. Rexe5+ dxe5 30. Ne6 Bxd5 31. cxd5 Qxd5 32. Rxg6 Reg8 33. Rxg8 Qf3+ 34. Kg1 Rxg8+ 35. Ng5 Qg3+ 0-1

[Event "BL2-Nord 1011"]
[Site "Germany"]
[Date "2010.12.12"]
[Round "4.2"]
[White "Sievers, Stefan"]
[Black "Schmidt Schaeffer, Sebastian"]
[Result "1-0"]
[WhiteElo "2380"]
[BlackElo "2408"]
[PlyCount "87"]
[EventDate "2010.10.10"]
[EventType "team-tourn"]
[EventRounds "9"]
[EventCountry "GER"]
[SourceTitle "EXT 2012"]
[Source "ChessBase"]
[SourceDate "2011.11.24"]
[SourceVersion "1"]
[SourceVersionDate "2011.11.24"]
[SourceQuality "1"]
[WhiteTeam "Hamburger SK II"]
[BlackTeam "Kreuzberg"]
[WhiteTeamCountry "GER"]
[BlackTeamCountry "GER"]

1. e4 d6 2. Nc3 e5 3. Bc4 Nf6 4. d3 Be7 5. f4 0-0 6. Nf3 Nbd7 7. 0-0 c6 8. fxe5 Nxe5 9. Nxe5 dxe5 10. Kh1 Bg4 11. Qe1 Qd6 12. Nd1 Be6 13. Ne3 g6 14. a4 Nh5 15. b3 b6 16. Ba3 Qd7 17. Bb2 f6 18. Qc3 Nf4 19. b4 Bxc4 20. Nxc4 Qe6 21. Rf2 Rad8 22. Raf1 Rd7 23. Bc1 Nh5 24. Be3 Rfd8 25. Rb1 Bf8 26. Rff1 Bg7 27. b5 f5 28. exf5 gxf5 29. bxc6 Rc7 30. a5 Rxc6 31. axb6 axb6 32. Rxb6 f4 33. Bf2 Rxb6 34. Bxb6 Ng3+ 35. hxg3 Qh6+ 36. Kg1 fxg3 37. Rf5 Rb8 38. Qe1 Rxb6 39. Nxb6 Qh2+ 40. Kf1 Qh1+ 41. Ke2 Qxg2+ 42. Kd1 Qh3 43. Rg5 g2 44. Qg3 1-0

[Event "BL2-Nord 0910"]
[Site "Germany"]
[Date "2009.11.29"]
[Round "3.3"]
[White "Petrosian, Suren"]
[Black "Sievers, Stefan"]
[Result "1/2-1/2"]
[WhiteElo "2388"]
[BlackElo "2376"]
[PlyCount "80"]
[EventDate "2009.10.18"]
[EventType "team-tourn"]
[EventRounds "9"]
[EventCountry "GER"]
[SourceTitle "EXT 2011"]
[Source "ChessBase"]
[SourceDate "2010.11.26"]
[SourceVersion "1"]
[SourceVersionDate "2010.11.26"]
[SourceQuality "1"]
[WhiteTeam "Norderstedt"]
[BlackTeam "Hamburger SK"]
[WhiteTeamCountry "GER"]
[BlackTeamCountry "GER"]

1. c4 c5 2. g3 g6 3. Bg2 Bg7 4. Nc3 Nc6 5. Nf3 e5 6. 0-0 d6 7. Ne1 Be6 8. d3 Nge7 9. Nc2 d5 10. cxd5 Nxd5 11. Ne3 Nde7 12. Ne4 b6 13. Ng5 Bd7 14. f4 exf4 15. Nc4 0-0 16. Bxf4 h6 17. Ne4 Be6 18. Qa4 Nd4 19. Nc3 b5 20. Nxb5 Bd7 21. Bc7 Qe8 22. Ncd6 Bxb5 23. Nxe8 Bxa4 24. Nxg7 Bc6 25. Bd6 Nxe2+ 26. Kh1 Bxg2+ 27. Kxg2 Nd5 28. Bxf8 Rxf8 29. Rfe1 Nd4 30. Ne8 Nc2 31. Rac1 Nxe1+ 32. Rxe1 Nb4 33. Nf6+ Kg7 34. Nd7 Rc8 35. Ne5 Re8 36. a3 Nc2 37. Re2 Nd4 38. Re1 Nc2 39. Re2 Nd4 40. Re1 Nc2 1/2-1/2

[Event "BL2-Nord 0809"]
[Site "Germany"]
[Date "2009.03.29"]
[Round "9.3"]
[White "Sievers, Stefan"]
[Black "Lieb, Harald"]
[Result "1-0"]
[WhiteElo "2350"]
[BlackElo "2235"]
[PlyCount "119"]
[EventDate "2008.10.05"]
[EventType "tourn"]
[EventRounds "9"]
[EventCountry "GER"]
[SourceTitle "CBM 129 Extra"]
[Source "ChessBase"]
[SourceDate "2009.05.05"]
[SourceVersion "2"]
[SourceVersionDate "2009.05.20"]
[SourceQuality "1"]
[WhiteTeam "Hamburger SK II"]
[BlackTeam "Zehlendorf"]
[WhiteTeamCountry "GER"]
[BlackTeamCountry "GER"]

1. Nf3 d5 2. c4 c6 3. d4 Nf6 4. Qc2 a6 5. Bf4 g6 6. Nbd2 Bg7 7. h3 0-0 8. e3 Bf5 9. Qb3 b5 10. cxb5 cxb5 11. Rc1 Ra7 12. Be2 Nbd7 13. Qa3 Qa8 14. Qa5 Ne4 15. 0-0 Nxd2 16. Qxd2 Rc8 17. Rxc8+ Qxc8 18. Rc1 Qd8 19. Rc6 Nf6 20. Ne5 Ne4 21. Qc1 Ra8 22. f3 Nd6 23. Qc5 Nb7 24. Qb6 Qxb6 25. Rxb6 Nd8 26. Kf2 Bf8 27. g4 Bb1 28. a4 bxa4 29. Bxa6 Ne6 30. Bb7 Rd8 31. Nc6 Re8 32. Bg3 Nd8 33. Ba8 Ne6 34. Bb8 Ng7 35. Bb7 e6 36. Bc7 Bc2 37. Ra6 h5 38. Ke2 hxg4 39. hxg4 Bb3 40. Kd2 f5 41. Ke1 fxg4 42. fxg4 Be7 43. Bf4 Bh4+ 44. Kd2 Rf8 45. Ra8 Ne8 46. g5 Kh7 47. Ba6 Bxg5 48. Bxg5 Rf2+ 49. Ke1 Rg2 50. Bf4 Rxb2 51. Rxe8 a3 52. Be5 Kh6 53. Bf6 g5 54. Ne5 Bc2 55. Rh8+ Bh7 56. Bd3 Rb7 57. Bxh7 Rxh7 58. Ra8 Kh5 59. Ra6 Rh6 60. Bxg5 1-0

[Event "BL2-Nord 0809"]
[Site "Germany"]
[Date "2009.01.18"]
[Round "5.2"]
[White "Feuerstack, Aljoscha"]
[Black "Sievers, Stefan"]
[Result "1-0"]
[WhiteElo "2360"]
[BlackElo "2350"]
[PlyCount "103"]
[EventDate "2008.10.05"]
[EventType "tourn"]
[EventRounds "9"]
[EventCountry "GER"]
[SourceTitle "CBM 129 Extra"]
[Source "ChessBase"]
[SourceDate "2009.05.05"]
[SourceVersion "2"]
[SourceVersionDate "2009.05.20"]
[SourceQuality "1"]
[WhiteTeam "Norderstedt"]
[BlackTeam "Hamburger SK II"]
[WhiteTeamCountry "GER"]
[BlackTeamCountry "GER"]

1. e4 c5 2. Nf3 g6 3. d4 Bg7 4. c3 cxd4 5. cxd4 d5 6. e5 Bg4 7. Bb5+ Nd7 8. Nc3 e6 9. h3 Bxf3 10. Qxf3 a6 11. Ba4 b5 12. Bb3 Nb6 13. a4 b4 14. a5 Nc4 15. Bxc4 dxc4 16. Bg5 f6 17. Ne4 Kf7 18. Nd6+ Ke7 19. Qb7+ Qd7 20. Qxa8 fxg5 21. Nc8+ Kf7 22. Qf3+ Ke8 23. Nd6+ Kd8 24. Nf7+ Ke7 25. Nxh8 Bxh8 26. Qa8 Kf7 27. 0-0 Qd5 28. Qxd5 exd5 29. Ra4 b3 30. Rb4 Ne7 31. Rb6 Nf5 32. Rd1 Bxe5 33. dxe5 d4 34. Rf6+ Ke7 35. Rxf5 c3 36. Rf3 g4 37. hxg4 c2 38. Rc1 Ke6 39. Rxb3 Kxe5 40. Rxc2 Kf4 41. Rb6 Kg5 42. Rxa6 Kh4 43. Ra7 h6 44. Rh7 h5 45. gxh5 g5 46. Rc4 g4 47. Rg7 Kxh5 48. Rc8 Kh6 49. Rxg4 Kh7 50. Kf1 d3 51. Ke1 d2+ 52. Kd1 1-0

[Event "BL2-Nord 0809"]
[Site "Germany"]
[Date "2008.10.05"]
[Round "1.3"]
[White "Sievers, Stefan"]
[Black "Syre, Christian"]
[Result "1/2-1/2"]
[WhiteElo "2360"]
[BlackElo "2275"]
[PlyCount "50"]
[EventDate "2008.10.05"]
[EventType "tourn"]
[EventRounds "9"]
[EventCountry "GER"]
[SourceTitle "CBM 129 Extra"]
[Source "ChessBase"]
[SourceDate "2009.05.05"]
[SourceVersion "2"]
[SourceVersionDate "2009.05.20"]
[SourceQuality "1"]
[WhiteTeam "Hamburger SK II"]
[BlackTeam "Oberschoeneweide"]
[WhiteTeamCountry "GER"]
[BlackTeamCountry "GER"]

1. Nf3 Nf6 2. c4 g6 3. g3 Bg7 4. Bg2 0-0 5. 0-0 d6 6. Nc3 e5 7. d3 Nc6 8. Rb1 a5 9. a3 h6 10. b4 axb4 11. axb4 Nd4 12. b5 Re8 13. Nd2 Ne6 14. Bb2 Ng5 15. Nde4 Nfxe4 16. Nxe4 Ne6 17. Ra1 Rb8 18. Ra7 f5 19. Nc3 Rf8 20. Qa4 e4 21. dxe4 f4 22. Ba1 Bd4 23. Nd5 Bxa7 24. Qxa7 Bd7 25. e5 c6 1/2-1/2

[Event "Rewal op-A 13th"]
[Site "Rewal"]
[Date "2008.08.25"]
[Round "5"]
[White "Sievers, Stefan"]
[Black "Krajewicz, Pawel"]
[Result "1-0"]
[WhiteElo "2363"]
[BlackElo "1993"]
[PlyCount "49"]
[EventDate "2008.08.20"]
[EventType "swiss"]
[EventRounds "9"]
[EventCountry "POL"]
[SourceTitle "CBM 126 Extra"]
[Source "ChessBase"]
[SourceDate "2008.11.05"]
[SourceVersion "1"]
[SourceVersionDate "2008.11.05"]
[SourceQuality "1"]

1. e4 c5 2. Nc3 e6 3. f4 d5 4. Nf3 Nf6 5. e5 Nfd7 6. d4 Nc6 7. Be3 Be7 8. Qd2 0-0 9. dxc5 Nxc5 10. 0-0-0 Bd7 11. Kb1 Qa5 12. f5 Rfc8 13. f6 gxf6 14. Qf2 Nxe5 15. Nxe5 fxe5 16. Bh6 Bf8 17. Qg3+ Kh8 18. Qxe5+ Kg8 19. Qg5+ Kh8 20. Qf6+ Kg8 21. Rd4 Ne4 22. Nxe4 Qe1+ 23. Bc1 Bg7 24. Qg5 dxe4 25. Rxd7 1-0

[Event "BL2-Nord 0708"]
[Site "Germany"]
[Date "2008.04.06"]
[Round "8.4"]
[White "Sievers, Stefan"]
[Black "Michna, Marta"]
[Result "1/2-1/2"]
[WhiteElo "2377"]
[BlackElo "2375"]
[PlyCount "87"]
[EventDate "2007.10.21"]
[EventType "team-tourn"]
[EventRounds "9"]
[EventCountry "GER"]
[SourceTitle "EXT 2009"]
[Source "ChessBase"]
[SourceDate "2008.11.26"]
[SourceVersion "1"]
[SourceVersionDate "2008.11.26"]
[SourceQuality "1"]
[WhiteTeam "Hamburger SK  II"]
[BlackTeam "Norderstedt "]
[WhiteTeamCountry "GER"]
[BlackTeamCountry "GER"]

1. c4 g6 2. Nc3 Bg7 3. g3 d6 4. Bg2 e5 5. e4 Be6 6. d3 Qd7 7. h4 Nf6 8. Nd5 Nh5 9. Bf3 c6 10. Nc3 Nf6 11. Bg5 h6 12. Bxf6 Bxf6 13. h5 Na6 14. Nge2 g5 15. Qc2 g4 16. Bg2 Bg5 17. Rd1 Qe7 18. b3 f5 19. exf5 Bxf5 20. Ne4 Rd8 21. d4 0-0 22. d5 cxd5 23. cxd5 Rc8 24. Qb2 Nb4 25. N2c3 Bxe4 26. Bxe4 Qc7 27. Nb5 Qc5 28. Qe2 a6 29. Na3 Qc3+ 30. Kf1 Qxg3 31. Rg1 Qh3+ 32. Bg2 Qxh5 33. Nc4 g3 34. f3 b5 35. Nxd6 Rc2 36. Rh1 Qg6 37. Qxe5 Rf2+ 38. Kg1 Qc2 39. Qe6+ Kh7 40. Qe4+ Kg7 41. Qe5+ Kg6 42. Qe6+ Kh7 43. Qe4+ Kg8 44. Qe6+ 1/2-1/2

[Event "EU-ch 8th"]
[Site "Dresden"]
[Date "2007.04.08"]
[Round "6"]
[White "Kayser, Felix"]
[Black "Sievers, Stefan"]
[Result "1/2-1/2"]
[WhiteElo "2194"]
[BlackElo "2377"]
[PlyCount "72"]
[EventDate "2007.04.03"]
[EventType "swiss"]
[EventRounds "11"]
[EventCountry "GER"]
[SourceTitle "CBM 118"]
[Source "ChessBase"]
[SourceDate "2007.05.31"]
[SourceVersion "1"]
[SourceVersionDate "2007.05.31"]
[SourceQuality "1"]

1. e4 c5 2. Nc3 g6 3. f4 Bg7 4. Nf3 Nc6 5. Bb5 Nd4 6. 0-0 Nxb5 7. Nxb5 d6 8. d3 Nf6 9. Nc3 0-0 10. Qe1 e6 11. Qh4 Nh5 12. Qf2 f5 13. e5 b6 14. Re1 Bb7 15. Qe2 Re8 16. Nb5 Bxf3 17. Qxf3 d5 18. Nd6 Re7 19. c4 d4 20. g4 fxg4 21. Qxg4 Qd7 22. Re2 Rf8 23. Rg2 Kh8 24. Bd2 Bh6 25. Rf2 a6 26. b3 Rg7 27. Kf1 Qc6 28. Ke2 Re7 29. Qh4 Rd7 30. Raf1 Bg7 31. Kd1 b5 32. Qh3 Re7 33. Qh4 Ra7 34. Qh3 Re7 35. Qh4 Rd7 36. Qh3 Re7 1/2-1/2

[Event "EU-ch 8th"]
[Site "Dresden"]
[Date "2007.04.06"]
[Round "4"]
[White "Sejkora, Vlastimil"]
[Black "Sievers, Stefan"]
[Result "0-1"]
[WhiteElo "2219"]
[BlackElo "2377"]
[PlyCount "80"]
[EventDate "2007.04.03"]
[EventType "swiss"]
[EventRounds "11"]
[EventCountry "GER"]
[SourceTitle "CBM 118"]
[Source "ChessBase"]
[SourceDate "2007.05.31"]
[SourceVersion "1"]
[SourceVersionDate "2007.05.31"]
[SourceQuality "1"]

1. e4 e6 2. d3 d5 3. Nd2 Nf6 4. Ngf3 Bc5 5. e5 Nfd7 6. d4 Bb6 7. Bd3 c5 8. dxc5 Nxc5 9. Nb3 Nxd3+ 10. Qxd3 Nc6 11. 0-0 f6 12. exf6 Qxf6 13. c3 0-0 14. Bg5 Qf5 15. Qd2 Bd7 16. Nbd4 Nxd4 17. cxd4 Be8 18. Be7 Rf7 19. Bd6 Rd8 20. Bg3 h6 21. Ne5 Rc7 22. Rac1 Rdc8 23. Rxc7 Rxc7 24. h3 a5 25. Qe3 Qe4 26. Qa3 Bb5 27. Ra1 Rc2 28. Nf3 Kh7 29. Re1 Re2 30. Rc1 Bxd4 31. Rc8 Qb1+ 32. Kh2 Bxf2 33. Bxf2 Qf1 34. Qf8 Qxf2 35. Qg8+ Kg6 36. Nh4+ Qxh4 37. Rc3 Re5 38. Rg3+ Rg5 39. Qxe6+ Kh7 40. Rf3 Qe4 0-1

[Event "EU-ch 8th"]
[Site "Dresden"]
[Date "2007.04.04"]
[Round "2"]
[White "Kleinert, Juergen"]
[Black "Sievers, Stefan"]
[Result "0-1"]
[WhiteElo "2060"]
[BlackElo "2377"]
[PlyCount "94"]
[EventDate "2007.04.03"]
[EventType "swiss"]
[EventRounds "11"]
[EventCountry "GER"]
[SourceTitle "CBM 118"]
[Source "ChessBase"]
[SourceDate "2007.05.31"]
[SourceVersion "1"]
[SourceVersionDate "2007.05.31"]
[SourceQuality "1"]

1. e4 e6 2. d4 d5 3. Nc3 Bb4 4. exd5 exd5 5. Nf3 Bg4 6. h3 Bh5 7. Bd3 c6 8. 0-0 Bd6 9. Re1+ Ne7 10. Bg5 0-0 11. Bh4 Qc7 12. Bxh7+ Kxh7 13. Ng5+ Kh6 14. Qd2 Bh2+ 15. Kh1 Qf4 16. Nf3 Qxd2 17. Nxd2 Nf5 18. Kxh2 Nxd4 19. Rac1 Bg6 20. Nf3 Nxf3+ 21. gxf3 Na6 22. a3 Rfe8 23. Be7 Nc7 24. Na4 Ne6 25. Bc5 b5 26. Be3+ Kh7 27. Nc5 Nxc5 28. Bxc5 Rxe1 29. Rxe1 Bxc2 30. Re7 Rd8 31. Bd4 c5 32. Rc7 cxd4 33. Rxc2 Kg6 34. Rd2 d3 35. Rxd3 d4 36. Kg2 Kf5 37. Kf1 Ke5 38. Rb3 a6 39. Ke2 Kd5 40. a4 Kc4 41. Ra3 d3+ 42. Kd2 b4 43. b3+ Kd4 44. Ra1 Rc8 45. Rb1 Re8 46. Rb2 Re2+ 47. Kc1 Kc3 0-1